[Event "Pavlodar"]
[Site "Pavlodar"]
[Date "1987.??.??"]
[Round "?"]
[White "Janjgava, Lasha"]
[Black "Loginov, Valery A"]
[Result "0-1"]
[WhiteElo "2410"]
[BlackElo "2355"]

1.d4 Nf6 2.c4 g6 3.Nf3 Bg7 4.g3 O-O 5.Bg2 d6 6.O-O Nc6 7.d5 Na5 8.Nfd2 c6
9.Nc3 cxd5 10.cxd5 Bd7 11.Nb3 Nc4 12.Nd4 Qa5 13.Qb3 Rfc8 14.Rd1 Rab8 15.a3 Qb6
16.Qa2 Ne4 17.Nxe4 Bxd4 18.e3 Bg7 19.a4 Bg4 20.Rd3 Qa5 21.h3 Bf5 22.Rd1 Qb4
23.g4 Bxe4 24.Bxe4 Nxb2 25.Bxb2 Bxb2 26.Rab1 Qxe4 27.Rxb2 Qf3 28.Rdb1 Qxh3
29.Rb4 Rc7 30.Rc4 Rbc8 31.Rbc1 Rc5 32.a5 Qf3 33.Rxc5 Rxc5 34.Rxc5 Qxg4+  0-1

[Event "Porabka"]
[Site "Porabka"]
[Date "1987.??.??"]
[Round "2"]
[White "Szypulski, Andrzej"]
[Black "Halasz, Tamas"]
[Result "1-0"]
[WhiteElo "2320"]
[BlackElo "2400"]

1.d4 Nf6 2.Nf3 d6 3.c4 g6 4.g3 Bg7 5.Bg2 O-O 6.O-O c5 7.Nc3 Nc6 8.d5 Na5
9.Nd2 e5 10.Qc2 Nh5 11.a3 b6 12.b4 Nb7 13.Nb3 f5 14.f4 exf4 15.gxf4 Bd7 16.b5 Qe7
17.Bd2 Nf6 18.Rae1 Rae8 19.e3 h6 20.Re2 Ne4 21.Nxe4 fxe4 22.Bc3 Bxc3 23.Qxc3 Ra8
24.a4 a6 25.Ra1 a5 26.Nd2 Bf5 27.Nf1 Qf6 28.Qxf6 Rxf6 29.Ng3 Re8 30.Rf2 Nd8
31.Kh1 Kh7 32.Rg1 Nf7 33.h4 Nh8 34.h5 gxh5 35.Nxf5 Rxf5 36.Bh3 Rf6 37.Rfg2 Nf7
38.Be6 Rf8 39.Rg7+ Kh8 40.Bxf7 R6xf7 41.Rxf7 Rxf7 42.Rg6 Rg7 43.Rxd6 Rg3
44.Rxb6 Rxe3 45.Rxh6+ Kg7 46.Rxh5 Rc3 47.d6 Rxc4 48.b6 e3 49.d7 e2 50.Re5 Rd4
51.b7  1-0

[Event "Bohemians"]
[Site "Prague"]
[Date "1987.??.??"]
[Round "?"]
[White "Cvitan, Ognjen"]
[Black "Vokac, Marek"]
[Result "1-0"]
[WhiteElo "2500"]
[BlackElo "2430"]

1.d4 Nf6 2.Nf3 g6 3.c4 Bg7 4.g3 O-O 5.Bg2 d6 6.O-O Nc6 7.Nc3 a6 8.d5 Na5
9.Nd2 c5 10.Qc2 Rb8 11.b3 b5 12.Rb1 Bd7 13.e4 Qc7 14.Bb2 bxc4 15.bxc4 Bh6
16.f4 Bg7 17.Nd1 Rb4 18.Bc3 Ba4 19.Qd3 Rxb1 20.Qxb1 Rb8 21.Nb2 Be8 22.Qa1 Ng4
23.Bxg7 Kxg7 24.h3 Nh6 25.Nd3+ f6 26.g4 Ng8 27.g5 Nb7 28.e5 Ba4 29.Ne4 Qd8
30.exf6+ exf6 31.f5 gxf5 32.gxf6+ Nxf6 33.Rxf5  1-0

[Event "Bohemians"]
[Site "Prague"]
[Date "1987.??.??"]
[Round "?"]
[White "Modr, Bretislav"]
[Black "Schulz, Klaus Juergen"]
[Result "0-1"]
[WhiteElo "2385"]
[BlackElo "2440"]

1.d4 Nf6 2.Nf3 g6 3.g3 Bg7 4.Bg2 O-O 5.c4 d6 6.O-O Nbd7 7.Nc3 e5 8.e4 a6
9.Re1 Rb8 10.h3 exd4 11.Nxd4 c5 12.Nde2 Ne5 13.b3 Ne8 14.Be3 b5 15.cxb5 axb5
16.f4 Nd7 17.Rc1 b4 18.Nd5 Nc7 19.Nxc7 Qxc7 20.Qd2 Re8 21.Red1 Bf8 22.Rc2 Rb6
23.g4 Nf6 24.e5 dxe5 25.fxe5 Qxe5 26.Bf4 Qe7 27.Ng3 Re6 28.g5 Nd7 29.Kh2 Nb6
30.Qf2 Bb7 31.Rcd2 Bxg2 32.Qxg2 Bg7 33.Rd6 Bd4 34.Rxe6 Qxe6 35.Rd2 Qe1 36.Re2 Rxe2
37.Nxe2 Bg7 38.Qe4 Bf8 39.Bg3 Qd2 40.Qe8 Nd5 41.Kg2 Qxg5 42.Kf2 h5 43.Ke1 Qf6
44.Be5 Qh4+ 45.Bg3 Qxh3 46.Bd6 Qh4+ 47.Kd1 Ne7 48.Bxc5 Qh1+ 49.Kd2 Qd5+ 50.Bd4 Nc6
51.Kd3 h4  0-1

[Event "Bohemians"]
[Site "Prague"]
[Date "1987.??.??"]
[Round "?"]
[White "Mozny, Milos"]
[Black "Vokac, Marek"]
[Result "1/2-1/2"]
[WhiteElo "2405"]
[BlackElo "2430"]

1.d4 Nf6 2.Nf3 g6 3.g3 Bg7 4.Bg2 O-O 5.c4 d6 6.O-O c6 7.Nc3 Qa5 8.h3 Be6
9.Nd2 Na6 10.d5 cxd5 11.Nb3 Qd8 12.cxd5  1/2-1/2

[Event "Bohemians"]
[Site "Prague"]
[Date "1987.??.??"]
[Round "?"]
[White "Znamenacek, Kvetoslav"]
[Black "Schmidt, Wlodzimierz"]
[Result "1/2-1/2"]
[WhiteElo "2300"]
[BlackElo "2470"]

1.d4 Nf6 2.c4 g6 3.Nf3 Bg7 4.g3 O-O 5.Bg2 d6 6.Nc3 Nc6 7.O-O a6 8.d5 Na5
9.Nd2 c5 10.Qc2 Rb8 11.b3 b5 12.Bb2 e5 13.Nd1 Nh5 14.e3 Bf5 15.e4  1/2-1/2

[Event "Nordic-chT"]
[Site "Slupsk"]
[Date "1987.??.??"]
[Round "1"]
[White "Schulz, Klaus Juergen"]
[Black "Gausel, Einar"]
[Result "0-1"]
[WhiteElo "2405"]
[BlackElo "2315"]

1.Nf3 Nf6 2.d4 g6 3.c4 Bg7 4.g3 O-O 5.Bg2 d6 6.O-O c6 7.Nc3 Qa5 8.e4 e5 9.h3 Nbd7
10.Re1 Re8 11.d5 cxd5 12.cxd5 b5 13.a4 b4 14.Nb1 Nc5 15.Nfd2 Ba6 16.Nb3 Nxb3
17.Qxb3 Nd7 18.Be3 Rec8 19.Nd2 Nc5 20.Qd1 Rab8 21.Nb3 Nxb3 22.Qxb3 Bc4 23.Qd1 b3
24.Bd2 Qa6 25.Qf3 Rc5 26.h4 f5 27.Bh3 fxe4 28.Be6+ Kh8 29.Rxe4 Rf8 30.Qe3 Bxd5
31.Bxd5 Rxd5 32.Bc3 Rd3 33.Qe2 Rff3 34.Rd1 Rxd1+ 35.Qxd1 Rf8 36.Qxb3 Qc6
37.Qc4 Qa8 38.Re2 d5 39.Qc7 d4 40.Bd2  0-1

[Event "BUL-ch (Women)"]
[Site "Sofia"]
[Date "1987.??.??"]
[Round "8"]
[White "Nestorova Petrova, Lozanka"]
[Black "Marinova, Elka"]
[Result "0-1"]
[WhiteElo "2155"]
[BlackElo "2075"]

1.d4 Nf6 2.Nf3 d6 3.c4 g6 4.g3 Bg7 5.Bg2 O-O 6.O-O Nbd7 7.Qc2 e5 8.Rd1 Qe7
9.Nc3 c6 10.e4 Re8 11.b3 Nf8 12.Ba3 Qc7 13.dxe5 dxe5 14.Bd6 Qa5 15.b4 Qa6
16.b5 Qa5 17.Nd2 N6d7 18.Nb3 Qd8 19.a4 Ne6 20.Ne2 cxb5 21.axb5 b6 22.Ra3 a5
23.Ra4 Bb7 24.c5 bxc5 25.Nxc5 Ndxc5 26.Bxc5 Qc7 27.Rc4 Nxc5 28.Rxc5 Qb6 29.Rc7 Bc8
30.Qc6 Qxc6 31.Rxc6 a4 32.Nc3 a3 33.Bf1 Be6 34.Ra1 Bf8 35.Nd5 Rec8 36.Nc7 Rab8
37.Nxe6 Rxc6 38.bxc6 fxe6 39.Ba6 Bd6 40.Bb7 Kf7 41.Kf1 Ke7 42.Rc1 Kd8 43.Ke2 Kc7
44.Kd3 Rf8 45.Rc2 Rd8 46.Kc4 Be7 47.Kc3 Rd4 48.f3 Rb4 49.Rd2 Bd6 50.Ba6 Rb6
51.Bb7 Bb4+  0-1

[Event "Tatran Cup"]
[Site "Stary Smokovec"]
[Date "1987.??.??"]
[Round "?"]
[White "Beil, Zdenek"]
[Black "Kindermann, Stefan"]
[Result "0-1"]
[WhiteElo "2405"]
[BlackElo "2490"]

1.d4 Nf6 2.Nf3 g6 3.c4 Bg7 4.g3 O-O 5.Bg2 d6 6.O-O Nc6 7.Nc3 Bf5 8.b3 Ne4
9.Bb2 Nxc3 10.Bxc3 Be4 11.Qd2 d5 12.Rfd1 e6 13.Qe3 a5 14.Rd2 a4 15.b4 Ne7
16.cxd5 exd5 17.Nh4 Bxg2 18.Kxg2 Nc8 19.Qd3 Nd6 20.b5 Nc4 21.Rdd1 Qd7 22.Rab1 Rfe8
23.Nf3 a3 24.Rb3 Ra4 25.e3 f6 26.Re1 Re4 27.Nd2 Re6 28.Bb4 Qxb5 29.Bxa3 Qa5
30.Bc1 Rxa2 31.Rd1 Qa6 32.Nb1 Ra1 33.Nc3 Rxc1 34.Rxc1 Nxe3+ 35.Qxe3 Rxe3
36.fxe3 Bh6 37.Rb2 Bxe3 38.Rcc2 Bxd4 39.Ra2 Qd3 40.Ne2 Qe4+ 41.Kh3 Qf5+ 42.Kg2 Qf2+
43.Kh3 Qf1+ 44.Kh4 g5+  0-1

[Event "SWE-ch"]
[Site "Stockholm"]
[Date "1987.??.??"]
[Round "?"]
[White "Ornstein, Axel"]
[Black "Cramling, Pia"]
[Result "1-0"]
[WhiteElo "2410"]
[BlackElo "2455"]

1.d4 Nf6 2.Nf3 g6 3.g3 Bg7 4.Bg2 O-O 5.c4 d6 6.Nc3 Nbd7 7.e4 e5 8.h3 c6 9.Be3 Nb6
10.b3 d5 11.Nxe5 Nxe4 12.Nxe4 dxe4 13.Bxe4 Qe7 14.Bg2 c5 15.Nf3 cxd4 16.Nxd4 Rd8
17.O-O Be6 18.Qd2 Rd7 19.c5 Nd5 20.Rad1 Rad8 21.Bg5 Nf6 22.Qe3 h6 23.Nxe6 Rxd1
24.Nxd8 Qxd8 25.Bxh6 Rd3 26.Qc1 Bxh6 27.Qxh6 Qd4 28.Qf4 Qxf4 29.gxf4 Rc3
30.b4 a5 31.Bxb7 axb4 32.c6 Kf8 33.Rd1 Rc4 34.f5 gxf5 35.Kg2 Ke7 36.h4 Nh5
37.Kf3 Ng7 38.Rd4 Rxd4 39.c7 Rd3+ 40.Ke2 Rc3 41.c8=Q Rxc8 42.Bxc8 Kd6 43.Ke3 Ke5
44.Bb7 Ne6 45.Bf3 Nc5 46.Bd1 f4+ 47.Kf3 f5 48.Bb3 Ne4 49.h5 Ng5+ 50.Ke2 Kd4
51.h6 f3+ 52.Ke1 Ke5 53.Kd2 Kf6 54.Ke3 Kg6 55.Bc2 Kxh6 56.Bxf5 Kh5 57.Kf4 Kh6
58.Bg4 Kg6 59.Bxf3 Nh3+ 60.Ke3 Kf5 61.Bg2 Nf4 62.Be4+ Ke5 63.f3 Ne6 64.Kd3 Kd6
65.Kc4 Kc7 66.Kxb4 Kb6 67.a4 Nf4 68.a5+  1-0

[Event "Rilton Cup"]
[Site "Stockholm"]
[Date "1987.??.??"]
[Round "?"]
[White "Bjarnehag, Peter"]
[Black "Zueger, Beat"]
[Result "1/2-1/2"]
[WhiteElo "2355"]
[BlackElo "2405"]

1.Nf3 Nf6 2.c4 g6 3.d4 Bg7 4.g3 O-O 5.Bg2 d6 6.O-O c6 7.Nc3 a6 8.e4 Bg4 9.h3 Bxf3
10.Qxf3 Nfd7 11.Qd3 c5 12.d5 b5 13.cxb5 axb5 14.Qxb5 Na6 15.Be3 Qc7 16.Qe2 Rfb8
17.Rfc1 Rb4 18.Rab1 Qb8  1/2-1/2

[Event "URS-FL"]
[Site "Sverdlovsk"]
[Date "1987.??.??"]
[Round "?"]
[White "Kharitonov, Andrei Y"]
[Black "Loginov, Valery A"]
[Result "1-0"]
[WhiteElo "2450"]
[BlackElo "2355"]

1.d4 Nf6 2.c4 g6 3.Nf3 Bg7 4.g3 O-O 5.Bg2 d6 6.O-O Nc6 7.Nc3 e5 8.d5 Ne7
9.e4 Nd7 10.b4 a5 11.Ba3 axb4 12.Bxb4 Bh6 13.a4 f5 14.a5 Kh8 15.Nd2 Ng8 16.Nb3 fxe4
17.Nxe4 Ngf6 18.Nc3 Ne8 19.c5 Ndf6 20.Nd2 Bg4 21.Qe1 Bf5 22.Qe2 Rf7 23.Nc4 Rb8
24.h3 Qe7 25.cxd6 cxd6 26.Nb5 Rd8 27.a6 bxa6 28.Rxa6 Bc8 29.Rb6 e4 30.Nbxd6 Nxd5
31.Nxc8 Qc7 32.N8d6 Nxd6 33.Rxd6 Nxb4 34.Qb2+ Bg7 35.Rxd8+ Qxd8 36.Qxb4 Qd4
37.Qb3 Qd5 38.Nd2  1-0

[Event "URS-FL"]
[Site "Sverdlovsk"]
[Date "1987.??.??"]
[Round "?"]
[White "Kharitonov, Andrei Y"]
[Black "Kupreichik, Viktor D"]
[Result "1-0"]
[WhiteElo "2450"]
[BlackElo "2500"]

1.d4 Nf6 2.Nf3 g6 3.c4 Bg7 4.g3 O-O 5.Bg2 d6 6.Nc3 Nc6 7.O-O e5 8.d5 Ne7
9.c5 b5 10.Nxb5 Nexd5 11.e4 Ba6 12.a4 Nb4 13.cxd6 Bxb5 14.axb5 Qxd6 15.Qxd6 cxd6
16.Ra4 Nd3 17.Be3 Nxb2 18.Ra2 Nc4 19.Bxa7 Rfb8 20.Bxb8 Rxa2 21.Rc1 Nb6 22.Bc7 Nbd7
23.Bxd6 Nxe4 24.Rc8+ Bf8 25.Bxf8 Nxf8 26.Bf1 Kg7 27.Nxe5 Ne6 28.Bc4 Rb2 29.Bxe6 Kf6
30.Ng4+ Kxe6 31.Re8+ Kd5 32.Ne3+ Kd4 33.Rd8+ Kc5 34.Rd5+  1-0

[Event "URS-FL"]
[Site "Sverdlovsk"]
[Date "1987.??.??"]
[Round "?"]
[White "Tukmakov, Vladimir B"]
[Black "Kupreichik, Viktor D"]
[Result "1-0"]
[WhiteElo "2580"]
[BlackElo "2500"]

1.d4 Nf6 2.c4 g6 3.Nf3 Bg7 4.g3 O-O 5.Bg2 d6 6.O-O Nc6 7.Nc3 e5 8.d5 Ne7
9.e4 Ne8 10.b4 f5 11.c5 f4 12.Ng5 Nf5 13.Nxh7 Kxh7 14.exf5 Bxf5 15.Ne4 a5
16.Bd2 Bxe4 17.Bxe4 Nf6 18.Bg2 dxc5 19.bxc5 e4 20.Bxf4 Nxd5 21.Bxe4 Nxf4
22.gxf4 Qh4 23.Rb1 Rad8 24.Qc2 Rxf4 25.f3 Qh6 26.Rbd1 Re8 27.Rf2 Kh8 28.Bxg6 Rg8
29.Kh1 Bd4 30.Rg2 Qh3 31.Rg3 Qh6 32.Qg2 Rh4 33.Bf7 Rg7 34.Bb3 Qf4 35.Rxg7 Bxg7
36.Rd8+ Kh7 37.Bc2+  1-0

[Event "URS-FL"]
[Site "Sverdlovsk"]
[Date "1987.??.??"]
[Round "?"]
[White "Tukmakov, Vladimir B"]
[Black "Loginov, Valery A"]
[Result "0-1"]
[WhiteElo "2580"]
[BlackElo "2355"]

1.d4 Nf6 2.c4 g6 3.Nf3 Bg7 4.g3 O-O 5.Bg2 d6 6.O-O Nc6 7.Nc3 e5 8.d5 Ne7
9.e4 Nd7 10.b4 a5 11.bxa5 Rxa5 12.a4 Kh8 13.Ba3 Bh6 14.Nd2 f5 15.Bb4 Ra6
16.a5 Rf7 17.Nb3 Nf6 18.exf5 gxf5 19.c5 Ng6 20.Re1 f4 21.cxd6 cxd6 22.Nd2 fxg3
23.hxg3 Bg4 24.Qc2 Qc8 25.Nde4 Nxe4 26.Bxe4 Nh4 27.gxh4 Rg7 28.Kf1 Qc4+ 29.Qd3 Qxb4
30.Reb1 Qc5 31.Nb5 Qc8 32.Ra3 Bh5 33.Bf5 Qg8  0-1

[Event "URS Army-ch"]
[Site "Tashkent"]
[Date "1987.??.??"]
[Round "?"]
[White "Vyzmanavin, Alexey"]
[Black "Yurtaev, Leonid"]
[Result "1-0"]
[WhiteElo "2485"]
[BlackElo "2460"]

1.d4 Nf6 2.Nf3 g6 3.c4 Bg7 4.g3 O-O 5.Bg2 d6 6.O-O Nbd7 7.Nc3 e5 8.e4 exd4
9.Nxd4 Re8 10.Re1 Nc5 11.h3 h6 12.Bf4 Ne6 13.Nxe6 Bxe6 14.b3 Qc8 15.h4 Ng4
16.Qd2 Kh7 17.f3 Ne5 18.Be3 a6 19.f4 Nc6 20.Kh2 Bg4 21.Rac1 f5 22.c5 dxc5
23.e5 Qd8 24.Nd5 Re6 25.Bxc5 g5 26.Qf2 gxh4 27.gxh4 Rg6 28.e6 Bh5 29.Bh1 Qh8
30.e7 Rg8 31.Rg1 Ne5 32.Rxg6 Nxg6 33.Re1 c6 34.Nc7 Ne5 35.Qc2 Bg6 36.h5 Bxh5
37.Rxe5  1-0

[Event "Tbilisi"]
[Site "Tbilisi"]
[Date "1987.??.??"]
[Round "?"]
[White "Drasko, Milan"]
[Black "Potts, Alan"]
[Result "1/2-1/2"]
[WhiteElo "2465"]
[BlackElo "2320"]

1.Nf3 Nf6 2.c4 g6 3.d4 Bg7 4.g3 d6 5.Bg2 O-O 6.O-O Nbd7 7.Qc2 e5 8.e4 c6
9.dxe5 dxe5 10.Be3 Qe7 11.h3 Nc5 12.Nc3 Nh5 13.Rad1 Ne6 14.Rfe1 b6 15.a3 Bb7
16.b4  1/2-1/2

[Event "Tel Aviv"]
[Site "Tel Aviv"]
[Date "1987.??.??"]
[Round "?"]
[White "Birnboim, Nathan"]
[Black "Gradstein, Mark"]
[Result "1-0"]
[WhiteElo "2465"]
[BlackElo "2290"]

1.d4 Nf6 2.c4 g6 3.g3 Bg7 4.Bg2 O-O 5.Nf3 d6 6.O-O c6 7.Nc3 Qa5 8.h3 Qa6
9.b3 b5 10.cxb5 cxb5 11.Qd3 b4 12.Ne1 bxc3 13.Bxa8 d5 14.Bf4 Bxh3 15.Qxa6 Nxa6
16.Bb7 Bxf1 17.Kxf1 Nb8 18.Rc1 Ne4 19.e3 e5 20.Bxe5 Bxe5 21.dxe5 Rd8 22.Nd3 h5
23.Kg2 Nd7 24.Bxd5 Ndf6 25.Bc4 Ng4 26.Kf3 Nd2+ 27.Ke2 Ne4 28.Rc2 Kf8 29.Ba6 g5
30.Bb7 Rxd3 31.Bxe4 Rd2+ 32.Rxd2 cxd2 33.Bf3 Nxe5 34.Bxh5 g4 35.Kxd2 Kg7
36.Ke2  1-0

[Event "Tel Aviv"]
[Site "Tel Aviv"]
[Date "1987.??.??"]
[Round "?"]
[White "Birnboim, Nathan"]
[Black "Blees, Albert"]
[Result "0-1"]
[WhiteElo "2465"]
[BlackElo "2345"]

1.d4 Nf6 2.c4 g6 3.g3 Bg7 4.Bg2 O-O 5.Nf3 d6 6.O-O Nbd7 7.Nc3 e5 8.Qc2 c6
9.Rd1 Qe7 10.b3 Re8 11.e3 Nf8 12.e4 Ne6 13.dxe5 dxe5 14.Nxe5 Nxe4 15.Nxe4 Bxe5
16.Bb2 Nc5 17.Bxe5 Qxe5 18.f4 Qe7 19.Nf2 Bf5 20.Qc3 Rad8 21.g4 Bc8 22.b4 Na4
23.Qb3 Nb6 24.c5 Nd5 25.Bxd5 cxd5 26.Qc3 Qh4 27.Rd4 Re2 28.Rf1 Rde8 29.Qf3 Bd7
30.Qxd5 Bc6 31.Qg5 Rxf2 32.Rxf2 Re1+ 33.Rf1 Qh3  0-1

[Event "Tel Aviv"]
[Site "Tel Aviv"]
[Date "1987.??.??"]
[Round "?"]
[White "Birnboim, Nathan"]
[Black "Pein, Malcolm"]
[Result "1/2-1/2"]
[WhiteElo "2465"]
[BlackElo "2370"]

1.d4 Nf6 2.c4 g6 3.g3 Bg7 4.Bg2 O-O 5.Nf3 d6 6.Nc3 Nc6 7.O-O a6 8.d5 Na5
9.Nd2 c5 10.Qc2 e5 11.e4 Ng4 12.b3 f5 13.exf5 gxf5 14.h3 Nh6 15.Bb2 Rb8 16.f4 b5
17.Nd1 bxc4 18.bxc4 Qe7 19.Rb1 Bd7 20.Bc3 Nb7 21.Re1 e4 22.Qb2 Na5 23.Qxb8 Bxc3
24.Nxc3 Rxb8 25.Rxb8+ Kg7 26.Reb1 Nf7 27.Ne2 Nd8 28.Rc1 h5 29.Nf1 Nab7 30.Ne3 Kf6
31.Ra8 a5 32.Rb1 Be8 33.Kf2 Bg6 34.Nc3 Kf7 35.Ra7 Ke8 36.Rb6 h4 37.Nb5 Qf6
38.Nc7+ Ke7 39.Ne6 hxg3+ 40.Kxg3 Qc3 41.Rb3 Qe1+ 42.Kh2 a4 43.Rxa4 Nxe6 44.dxe6 Kxe6
45.Nd5 Na5 46.Rxa5 Qxa5 47.Rb7 Qd8 48.Ra7 Bh5 49.Kg1 e3 50.Nxe3 Qb8 51.Rb7 Qc8
52.Rh7 Bg6 53.Rg7 Be8 54.Nd5 Bf7 55.Nb6 Qh8 56.Bd5+ Ke7 57.Rxf7+ Ke8 58.Kg2 Qb2+
59.Kg3 Qxb6 60.Rxf5 Qb1 61.Kg4 Qxa2 62.h4 Qe2+ 63.Kg5 Qe7+ 64.Kh5 Qe2+ 65.Kg6 Qg4+
66.Rg5 Qxh4 67.f5 Kf8 68.f6 Qd4 69.Rg3 Qh4 70.Rg2 Qd4 71.Rg5 Qd3+ 72.Kh6 Qh3+
73.Rh5 Qe3+  1/2-1/2

[Event "Timisoara"]
[Site "Timisoara"]
[Date "1987.??.??"]
[Round "?"]
[White "Kengis, Edvins"]
[Black "Ghitescu, Theodor"]
[Result "1-0"]
[WhiteElo "2485"]
[BlackElo "2405"]

1.Nf3 Nf6 2.c4 g6 3.d4 Bg7 4.g3 O-O 5.Bg2 d6 6.O-O Nc6 7.Nc3 Bg4 8.Be3 Bxf3
9.exf3 d5 10.f4 e6 11.f5 exf5 12.Nxd5 Ng4 13.Bf4 Nxd4 14.Bxc7 Qd7 15.h3 Ne5
16.Qxd4 Nf3+ 17.Bxf3 Bxd4 18.Rad1 Rad8 19.Rxd4 Qxc7 20.Nxc7 Rxd4 21.Bd5 Rd2
22.b4 Rxa2 23.Re1 a5 24.bxa5 Rxa5 25.Ne8 b5 26.c5 b4 27.c6 Ra8 28.Nf6+ Kg7
29.Nd7 Rfe8 30.Kf1 h5 31.Rxe8 Rxe8 32.Nb6 Re7 33.Na8 Re8 34.c7 Rc8 35.Ke2  1-0

[Event "Vrnjacka Banja"]
[Site "Vrnjacka Banja"]
[Date "1987.??.??"]
[Round "13"]
[White "Miralles, Gilles"]
[Black "Strikovic, Aleksa"]
[Result "0-1"]
[WhiteElo "2450"]
[BlackElo "2400"]

1.d4 Nf6 2.c4 g6 3.Nf3 Bg7 4.g3 O-O 5.Bg2 d6 6.O-O Nbd7 7.Nc3 e5 8.h3 c6
9.e4 exd4 10.Nxd4 Qb6 11.Re1 Ne8 12.Nb3 a5 13.Qc2 a4 14.Nd2 Nc5 15.Rb1 Qb4
16.a3 Qa5 17.Nf3 f5 18.Bd2 Qa6 19.e5 Qxc4 20.Bf1 Qb3 21.Qc1 Qb6 22.exd6 Nxd6
23.Re7 Rf7 24.Qe1 Rxe7 25.Qxe7 Bf8 26.Qf6 Qc7 27.Bf4 Qe7 28.Qxe7 Bxe7 29.Rd1 Nde4
30.Nxe4 fxe4 31.Ng5 h6 32.Bc4+ Kg7 33.Be5+ Bf6 34.Bd6 hxg5 35.Bxc5 Bxh3 36.Bd4 Bg4
37.Bxf6+ Kxf6 38.Rd6+ Ke7 39.Rxg6 Rd8 40.Rxg5 Rd1+ 41.Kh2 Bf3 42.g4 b5 43.Bg8 Rd2
44.Kg3 Rxb2 45.Rf5 Bd1 46.Re5+ Kf8 47.Be6 Rb3+ 48.Kh4 Rxa3 49.Bd7 Rc3 50.Kg5 Bb3
51.f4 Rd3 52.Bxc6 a3 53.Re8+ Kf7 54.Ra8 a2 55.f5 Rd1 56.Rb8 Ke7 57.f6+ Kd6
58.Rd8+ Ke6 59.f7 Ke7  0-1

[Event "Warsaw zt-A"]
[Site "Warsaw"]
[Date "1987.??.??"]
[Round "?"]
[White "Csom, Istvan"]
[Black "Marin, Mihail"]
[Result "1-0"]
[WhiteElo "2485"]
[BlackElo "2445"]

1.Nf3 d6 2.c4 g6 3.g3 Bg7 4.d4 Nf6 5.Bg2 O-O 6.Nc3 Nbd7 7.O-O e5 8.b3 Re8
9.h3 c6 10.e4 a6 11.Re1 b5 12.cxb5 axb5 13.dxe5 dxe5 14.Qc2 Nf8 15.Be3 N6d7
16.b4 Ne6 17.Red1 Qe7 18.Rab1 Rb8 19.a4 bxa4 20.Qxa4 Bb7 21.Qa7 Nd8 22.Rxd7 Qxd7
23.Qxb8 Ne6 24.Nxe5 Qe7 25.Nxc6 Bxc6 26.Qb6 Bxc3 27.Qxc6 Nd4 28.Qc4 Qd7 29.Rd1 Rd8
30.Kh2 Bb2 31.Rd2 Ba1 32.b5 Qa7 33.Ra2  1-0

[Event "Zuerich op"]
[Site "Zuerich"]
[Date "1987.??.??"]
[Round "6"]
[White "Bayer, Ernst Wolfgang"]
[Black "Nemet, Ivan"]
[Result "0-1"]
[WhiteElo "2315"]
[BlackElo "2390"]

1.d4 Nf6 2.c4 g6 3.g3 Bg7 4.Bg2 O-O 5.Nf3 d6 6.O-O c6 7.Nc3 Bf5 8.Re1 Ne4
9.Nxe4 Bxe4 10.Bf4 Qb6 11.Be3 Qxb2 12.Bh3 c5 13.Nd2 cxd4 14.Nxe4 dxe3 15.Rb1 exf2+
16.Nxf2 Qxa2 17.Rxb7 Nc6 18.Qd5 Ne5 19.Rxe7 Rae8 20.Rc7 Nf3+ 21.Qxf3 Qa5
22.Rxa7 Qxa7 23.Bf1 Bd4 24.Kg2 Re3 25.Qc6 Rfe8 26.Nd3 Qa8 27.Qxa8 Rxa8 28.Rc1 Ra5
29.Rc2 Rf5 30.Nf4 Re4 31.Nd3 g5 32.Rc1 h5 33.Rc2 Kg7 34.Rc1 h4 35.gxh4 gxh4
36.Kh3 Kh6 37.Rb1 Re3+ 38.Kg4 Rg5+ 39.Kf4 Kg6 40.Rb5 f5 41.h3 Re4+  0-1

[Event "Aarhus-B"]
[Site "Aarhus"]
[Date "1988.??.??"]
[Round "1"]
[White "Jelling, Erik"]
[Black "Jacobsen, Bo"]
[Result "1-0"]
[WhiteElo "2350"]
[BlackElo "2280"]

1.d4 Nf6 2.c4 g6 3.Nf3 Bg7 4.g3 O-O 5.Bg2 d6 6.O-O c6 7.Nc3 Bf5 8.b3 Qd7
9.Re1 Ne4 10.Nxe4 Bxe4 11.Bb2 a5 12.Qd2 a4 13.Qf4 Bc2 14.Qd2 Be4 15.Qe3 Bf5
16.h4 Na6 17.Qd2 Be4 18.Kh2 Rfb8 19.Qf4 Bc2 20.Ng5 e5 21.Qd2 Bf5 22.e4 Be6
23.Rad1 exd4 24.Bxd4 Bxd4 25.Qxd4 Rd8 26.Qf6 axb3 27.axb3 h6 28.Nf3 Nc7 29.e5 d5
30.Nd4 Ne8 31.Qf4 dxc4 32.bxc4 Bxc4 33.Nxc6 Qxd1 34.Rxd1 Rxd1 35.Ne7+ Kf8
36.Qxc4 Kxe7 37.Qb4+ Kd8 38.Qxb7 Raa1 39.Bc6  1-0

[Event "Baku"]
[Site "Baku"]
[Date "1988.??.??"]
[Round "?"]
[White "Savon, Vladimir A"]
[Black "Guseinov, Aidyn"]
[Result "1/2-1/2"]
[WhiteElo "2430"]
[BlackElo "2325"]

1.d4 Nf6 2.Nf3 g6 3.c4 Bg7 4.g3 O-O 5.Bg2 d6 6.O-O Nc6 7.Nc3 a6 8.h3 Rb8
9.Be3 Bf5 10.Rc1 Ne4 11.Nxe4 Bxe4 12.d5 Bxf3 13.exf3 Ne5 14.f4 Nd7 15.Qc2 f5
16.b4 a5 17.a3 c5 18.dxc6 bxc6 19.b5 c5 20.Bd2 Qc7 21.Rfe1 e5 22.Bc6 Bf6
23.Qd3 Rbd8 24.Bxd7 Rxd7 25.Qd5+ Kg7 26.Bc3 Rdd8 27.Rcd1 Rfe8 28.Qd2 Qf7
29.Qd5 a4 30.Ba5 Qxd5 31.Rxd5 exf4 32.Rxe8 Rxe8 33.gxf4 Bb2 34.Rxd6 Bxa3
35.Bc3+ Kf7 36.Ra6 Bc1 37.Be5 a3 38.b6 Bb2 39.b7 Bxe5 40.fxe5 Rb8 41.Rxa3 Rxb7
42.Ra5 Rc7 43.f4 Ke6 44.Ra6+ Ke7 45.h4 Kf7 46.Kf2 Kg7 47.h5 Rd7 48.Rd6 Ra7
49.hxg6  1/2-1/2

[Event "URS-ch otbor56"]
[Site "Barnaul"]
[Date "1988.??.??"]
[Round "?"]
[White "Timoshchenko, Gennadi A"]
[Black "Yurtaev, Leonid"]
[Result "1/2-1/2"]
[WhiteElo "2455"]
[BlackElo "2485"]

1.d4 Nf6 2.c4 g6 3.Nf3 Bg7 4.g3 O-O 5.Bg2 d6 6.O-O Nbd7 7.Nc3 e5 8.e4 exd4
9.Nxd4 Re8 10.h3 Nc5 11.Re1 h6 12.Rb1 Bd7 13.Kh2 a6 14.b3 Re5 15.f3 b5 16.cxb5 axb5
17.Ncxb5 Rh5 18.Be3 Ncxe4 19.fxe4  1/2-1/2

[Event "URS-ch otbor56"]
[Site "Barnaul"]
[Date "1988.??.??"]
[Round "?"]
[White "Aseev, Konstantin N"]
[Black "Yurtaev, Leonid"]
[Result "1/2-1/2"]
[WhiteElo "2445"]
[BlackElo "2485"]

1.d4 Nf6 2.c4 g6 3.Nf3 Bg7 4.g3 O-O 5.Bg2 d6 6.O-O Nbd7 7.Nc3 e5 8.e4 exd4
9.Nxd4 Re8 10.h3 Nc5 11.Re1 Bd7 12.Rb1 Qc8 13.Kh2 Re5 14.b4 Ne6 15.Nde2 Qd8
16.f4 Rh5 17.Bf3 Rh6 18.Kg2 Nh5 19.Rh1 f5 20.Qd3 a5 21.a3 axb4 22.axb4 c5
23.bxc5 Nxc5 24.Qxd6 fxe4 25.Nxe4 Nxe4 26.Qd5+ Kh8 27.Qxe4 Bc6 28.Qe3 Qd7
29.Bb2 Re8 30.Qf2 Bxb2 31.Rxb2 Nf6  1/2-1/2

[Event "GMA-Open"]
[Site "Belgrade"]
[Date "1988.??.??"]
[Round "?"]
[White "Nikolic, Nebojsa"]
[Black "Cvitan, Ognjen"]
[Result "0-1"]
[WhiteElo "2375"]
[BlackElo "2500"]

1.d4 Nf6 2.c4 g6 3.Nf3 Bg7 4.g3 O-O 5.Bg2 d6 6.Nc3 Nbd7 7.O-O e5 8.e4 a6
9.h3 b5 10.cxb5 axb5 11.Re1 c6 12.dxe5 dxe5 13.Qc2 Qe7 14.Be3 Bb7 15.Nd2 Rfc8
16.a3 h5 17.Rac1 h4 18.g4 Nh7 19.Nf3 Ndf8 20.Na2 Ne6 21.Nb4 Bf6 22.Nd3 Qc7
23.Nc5 Nhf8 24.Nxb7 Qxb7 25.g5 Bg7 26.Nxh4 c5 27.Nf3 Nd4 28.Qd1 Nfe6 29.Nd2 Qe7
30.Qg4 c4 31.h4 Nc5 32.Bf1 Rd8 33.Red1 Na4 34.b3 Nxb3 35.Nxb3 cxb3 36.Bxb5 b2
37.Rxd8+ Rxd8 38.Bxa4 Qxa3 39.Rd1 Rxd1+ 40.Qxd1 Qa1  0-1

[Event "GMA-Open"]
[Site "Belgrade"]
[Date "1988.??.??"]
[Round "?"]
[White "Nikolic, Nebojsa"]
[Black "Ilijic, Milan"]
[Result "1-0"]
[WhiteElo "2375"]
[BlackElo "2285"]

1.d4 Nf6 2.c4 g6 3.Nf3 Bg7 4.g3 O-O 5.Bg2 d6 6.O-O Nbd7 7.Nc3 c6 8.e4 e5
9.b3 Re8 10.h3 exd4 11.Nxd4 Nc5 12.Re1 a5 13.Rb1 Nfd7 14.Be3 Ne5 15.Re2 f5
16.exf5 gxf5 17.Rd2 Nf7 18.Qc2 Qe7 19.Nde2 Bd7 20.Rbd1 Rad8 21.Nf4 Bc8 22.Kh2 Be5
23.Nce2 Ng5 24.Nd4 Nge4 25.Re2 Qg7 26.a3 Kh8 27.b4 axb4 28.axb4 Na6 29.Nxf5 Bxf5
30.Bxe4 Nxb4 31.Qb1 Bxe4 32.Qxe4 Ra8 33.Qf5 Na2 34.Rc2 Rf8 35.Qh5 Qf7 36.Qh6 Qf6
37.Qxf6+ Rxf6 38.Nd3 Nc3 39.Re1 Ne4 40.f4 Bc3 41.Ree2 Kg8 42.Bg1 d5 43.cxd5 cxd5
44.Nc5 Nxc5 45.Rxc3 Ne4 46.Rb3 h5 47.Bd4 Rf7 48.Be5 Rd8 49.Rb6 Kh7 50.g4 Rg8
51.g5 Rg6 52.Reb2 Rc6 53.Rxc6 bxc6 54.Rb6 Re7 55.h4 Re6 56.Rb8 c5 57.Rd8 d4
58.Kg2 Kg6 59.Rd5 Kf5 60.Kf3 Nd2+ 61.Ke2 Ne4 62.Kd3 Nf2+ 63.Kc4 Ne4 64.Kd3 Nf2+
65.Kc4 Ne4 66.Bb8+ Kg4 67.f5 Re8 68.Bc7 Kxh4 69.g6 Kg5 70.Bd8+ Kh6 71.Rd7 Rh8
72.Bh4 Ng5 73.Kxc5 Rf8 74.Bxg5+ Kxg5 75.Rf7 Rg8 76.Kxd4 Kf4 77.g7 h4 78.f6 h3
79.Re7 h2 80.Re1  1-0

[Event "GMA-Open"]
[Site "Belgrade"]
[Date "1988.??.??"]
[Round "?"]
[White "Khasin, Alexander"]
[Black "Veroci, Zsuzsa"]
[Result "1-0"]
[WhiteElo "2425"]
[BlackElo "2330"]

1.c4 g6 2.Nf3 Bg7 3.d4 Nf6 4.g3 O-O 5.Bg2 d6 6.Nc3 Nc6 7.O-O a6 8.b3 e5 9.d5 Nd4
10.Nd2 b5 11.e3 Nf5 12.b4 Bd7 13.a4 bxc4 14.Nxc4 e4 15.Rb1 Qe8 16.Bb2 Rb8
17.Ba1 h5 18.Nd2 c6 19.Ndxe4 Nxe4 20.Nxe4 cxd5 21.Bxg7 Kxg7 22.Nc3 Rc8 23.Rc1 d4
24.exd4 Rc4 25.Qb3 Rxd4 26.b5 axb5 27.Nxb5 Bxb5 28.axb5 Qe2 29.b6 Rd3 30.Qb4 Rd4
31.Qc3 Rb8 32.b7 d5 33.Bxd5 Qe5 34.Bg2 Nd6 35.Qc7 Qe8 36.Rfd1 Rxd1+ 37.Rxd1 Nf5
38.Bh3 Qe2 39.Rd7 Qe6  1-0